000 01278cab a22002175a 4500
001 L158216
008 141015e2014 xxk 000 0 eng d
035 _a(Sirsi) u158216
041 0 _aeng
245 0 0 _aYoussefi v Mussellwhite
_h[electronic resource]
260 _c2014
520 _a[2014] EWCA Civ 885, 2 July 2014. Appeal by tenant M against CC's decision to uphold landlord Y's refusual to grant a new tenancy under the Landlord and Tenant Act Part II s30(1) due to failure to comply with the repairing covenant in the lease, persistent late payment of rent, failure to permit access for inspection by M and her agents and breach of a covenant in the lease to keep premises open as a shop or a cafe to visiting members of the public. "Held" appeal allowed under s30(1)(a) on the grounds that the findings of the fact in relation to the disprepair were not sufficiently substantial to justify refusal of a new tenancy.
590 _aKA
650 2 4 _aYOUSSEFI V MUSSELWHITE
650 2 4 _aLANDLORD AND TENANT ACT 1954 PT II
650 2 4 _aREPAIRS
651 4 _aEngland and Wales
_y1543-
690 _aLandlord and tenant
_96252
856 4 0 _uhttps://www.bailii.org/ew/cases/EWCA/Civ/2014/885.html
_zView the law report free of charge at www.bailii.org
942 _n0
999 _c84533
_d84533